| 000 | 00537nam a22001457a 4500 | ||
|---|---|---|---|
| 005 | 20120611124957.0 | ||
| 020 |
_a812100392X _c00 |
||
| 035 | _aB-9321 | ||
| 037 |
_aDPL _bENG |
||
| 245 |
_aUnderstanding greying people of India / _cedited by Arun P. Bali |
||
| 260 |
_aNew Delhi _bInter-India Publications _c1999 |
||
| 300 |
_a303p. _c20 cms. |
||
| 942 |
_2ddc _cEN _h362.19897 _mBAL |
||
| 999 |
_c67802 _d67802 |
||